<?xml version="1.0" encoding="UTF-8"?>
<record
    xmlns:xsi="http://www.w3.org/2001/XMLSchema-instance"
    xsi:schemaLocation="http://www.loc.gov/MARC21/slim http://www.loc.gov/standards/marcxml/schema/MARC21slim.xsd"
    xmlns="http://www.loc.gov/MARC21/slim">

  <leader>00963nam a2200205Ia 4500</leader>
  <controlfield tag="003">IN-BaIIA</controlfield>
  <controlfield tag="008">211028s9999    xx            000 0 eng d</controlfield>
  <datafield tag="020" ind1=" " ind2=" ">
    <subfield code="a">978-0-7354-0449-6</subfield>
  </datafield>
  <datafield tag="040" ind1=" " ind2=" ">
    <subfield code="c">IIA Library</subfield>
  </datafield>
  <datafield tag="080" ind1=" " ind2=" ">
    <subfield code="a">535.338.3:52(082.1)</subfield>
    <subfield code="b">SPE</subfield>
  </datafield>
  <datafield tag="111" ind1=" " ind2=" ">
    <subfield code="a">Annual International Astrophysics Conference on Turbulence and nonlinear Processes in Astrophysical Plasmas</subfield>
    <subfield code="n">6th</subfield>
    <subfield code="c">Sremski Karlovci</subfield>
    <subfield code="d">2007 June 11-15</subfield>
    <subfield code="9">32661</subfield>
  </datafield>
  <datafield tag="245" ind1=" " ind2="0">
    <subfield code="a">Spectral line shapes in Astrophysics</subfield>
    <subfield code="b">proceedings of the VI Serbian Conference on spectral line shapes in Astrophysics (VI SCSLSA) , held in Sremski Karlovci, Serbia, 11 - 15 June 2007</subfield>
    <subfield code="c">edited by Luka Popovic and Milan S. Dimitrijevic</subfield>
  </datafield>
  <datafield tag="260" ind1=" " ind2=" ">
    <subfield code="a">Melville</subfield>
    <subfield code="b">American Institute of Physics</subfield>
    <subfield code="c">2007</subfield>
  </datafield>
  <datafield tag="300" ind1=" " ind2=" ">
    <subfield code="a">[various pagings.]</subfield>
  </datafield>
  <datafield tag="650" ind1=" " ind2=" ">
    <subfield code="a">Astrophysics - congresses</subfield>
    <subfield code="9">12189</subfield>
  </datafield>
  <datafield tag="650" ind1=" " ind2=" ">
    <subfield code="a">Spectral line - congresses</subfield>
    <subfield code="9">32662</subfield>
  </datafield>
  <datafield tag="700" ind1=" " ind2=" ">
    <subfield code="a">Dimitrijevic, Milan S. ed.</subfield>
    <subfield code="9">32663</subfield>
  </datafield>
  <datafield tag="700" ind1=" " ind2=" ">
    <subfield code="a">Popovic , Luka., ed.</subfield>
    <subfield code="9">32664</subfield>
  </datafield>
  <datafield tag="942" ind1=" " ind2=" ">
    <subfield code="c">BK</subfield>
  </datafield>
  <datafield tag="999" ind1=" " ind2=" ">
    <subfield code="c">17330</subfield>
    <subfield code="d">17330</subfield>
  </datafield>
  <datafield tag="952" ind1=" " ind2=" ">
    <subfield code="0">0</subfield>
    <subfield code="1">0</subfield>
    <subfield code="4">0</subfield>
    <subfield code="7">0</subfield>
    <subfield code="a">BAN</subfield>
    <subfield code="b">BAN</subfield>
    <subfield code="c">GEN</subfield>
    <subfield code="d">2009-06-01</subfield>
    <subfield code="e">SSB   </subfield>
    <subfield code="l">0</subfield>
    <subfield code="o">535.338.3:52(082.1)/ SPE</subfield>
    <subfield code="p">18252</subfield>
    <subfield code="r">2021-11-05</subfield>
    <subfield code="w">2009-06-01</subfield>
    <subfield code="y">BK</subfield>
    <subfield code="G">&#xA3; 9.99  </subfield>
  </datafield>
</record>
